NARRATIVE APPROACH TO BUSINESS GROWTH (Record no. 16979)

MARC details
000 -LEADER
fixed length control field 00358nam a2200133Ia 4500
008 - FIXED-LENGTH DATA ELEMENTS--GENERAL INFORMATION
fixed length control field 240624s9999 xx 000 0 und d
041 ## - LANGUAGE CODE
Language code of text/sound track or separate title eng
082 ## - DEWEY DECIMAL CLASSIFICATION NUMBER
Classification number 658 ERI
100 ## - MAIN ENTRY--PERSONAL NAME
Personal name ERICSON MONA
245 ## - TITLE STATEMENT
Title NARRATIVE APPROACH TO BUSINESS GROWTH
260 ## - PUBLICATION, DISTRIBUTION, ETC.
Date of publication, distribution, etc. 2010
Place of publication, distribution, etc. Cheltenham
Name of publisher, distributor, etc. Edward Elgar Publishing Inc.
300 ## - PHYSICAL DESCRIPTION
Extent 188 : p. : cm. ; 24
365 ## - TRADE PRICE
Currency code BPS
Price amount 27
Holdings
Withdrawn status Lost status Damaged status Not for loan Home library Current library Shelving location Date acquired Source of acquisition Cost, normal purchase price Full call number Barcode Date last seen Copy number Price effective from Koha item type
        IMTN IMTN Rack 22-B 04/20/2011 BWE 65.00 658 ERI 16979 06/24/2024 76.9 06/24/2024 Books
Designed & Maintained by: LRC IMT Nagpur Contact: lrc@imtnag.ac.in© 2024. All Rights Reserved.